00624 2200217 4500001002100000005001500021035002000036007000300056008004100059020002200100082001100122084001700133100002200150245009900172250001200271260003500283300004900318990001300367990001300380990001300393INLIS00000000000943520251224030423 a0010-0623000229ta251224 g 0 ind  a978-979-012-175-1 a746.44 a746.44 RAT s0 aRatu Sri Hastutie1 aSulam Aksesori :bKreasi Sulam Yang Mungil, Cantik dan Unik Pada Aksesori /cRatu Sri Hastutie acet. IV ajakarta :btiara aksara,c2021 a96hlm :billus bergambar warna ;c21 x 18 cm a023.3223 a023.3224 a023.3225